[Event "SRB-chT2 West CS"]
[Site "Serbia"]
[Date "2012.09.15"]
[Round "2.5"]
[White "Isak, Igor G"]
[Black "Cubrakovic, Velibor"]
[Result "1-0"]
[WhiteElo "2011"]
[BlackElo "2204"]
[PlyCount "75"]
[EventDate "2012.09.14"]
[EventType "team"]
[EventRounds "10"]
[EventCountry "SRB"]
[SourceTitle "EXT 2015"]
[Source "ChessBase"]
[SourceDate "2014.11.20"]
[SourceVersion "1"]
[SourceVersionDate "2014.11.20"]
[SourceQuality "1"]

1. f4 d5 2. Nf3 c5 3. e3 Nc6 4. Bb5 a6 5. Bxc6+ bxc6 6. b3 Bg4 7. Bb2 Nf6 8. 0-0 a5 9. Nc3 Qb6 10. Na4 Qa7 11. c4 e6 12. Qc2 Nd7 13. Ne5 Bf5 14. d3 Nxe5 15. Bxe5 f6 16. e4 Bg6 17. Bb2 d4 18. Rae1 Bf7 19. Qd2 Be7 20. Ba3 Rb8 21. Rf3 g6 22. f5 e5 23. fxg6 hxg6 24. Ref1 Rh5 25. Qf2 f5 26. exf5 e4 27. fxg6 Bxg6 28. Qg3 Rg5 29. Rf8+ Bxf8 30. Qxg5 Qg7 31. Qf4 Rd8 32. Bxc5 Be7 33. Bb6 Bd6 34. Qf6 Rd7 35. Qe6+ Be7 36. Nc5 Rd6 37. Qc8+ Bd8 38. Bxd8 1-0

[Event "SRB-chT2 West CS"]
[Site "Serbia"]
[Date "2011.10.15"]
[Round "9.1"]
[White "Djokovic, Nebojsa"]
[Black "Cubrakovic, Velibor"]
[Result "1-0"]
[WhiteElo "2097"]
[BlackElo "2219"]
[PlyCount "73"]
[EventDate "2011.09.11"]
[EventType "team"]
[EventRounds "11"]
[EventCountry "SRB"]
[SourceTitle "EXT 2015"]
[Source "ChessBase"]
[SourceDate "2014.11.20"]
[SourceVersion "1"]
[SourceVersionDate "2014.11.20"]
[SourceQuality "1"]

1. e4 Nf6 2. e5 Nd5 3. c4 Nb6 4. c5 Nd5 5. Nc3 c6 6. Bc4 e6 7. d4 b6 8. Bxd5 cxd5 9. cxb6 Qxb6 10. Nge2 Nc6 11. 0-0 Ba6 12. Re1 d6 13. exd6 Bxd6 14. a3 0-0 15. b4 Bxe2 16. Nxe2 a5 17. bxa5 Nxa5 18. Bf4 Nc4 19. Bxd6 Qxd6 20. a4 Rfb8 21. Ng3 Qf4 22. Nh5 Qg5 23. f4 Qg6 24. Ng3 Rb2 25. f5 Qh6 26. Qf3 Rab8 27. a5 R8b3 28. a6 Rxf3 29. a7 g5 30. a8Q+ Kg7 31. fxe6 Rff2 32. Qxd5 Rxg2+ 33. Qxg2 Rxg2+ 34. Kxg2 fxe6 35. Ra7+ Kf8 36. Rb1 Ne3+ 37. Kh1 1-0

[Event "SRB-chT2 West"]
[Site "Serbia"]
[Date "2007.09.23"]
[Round "3.5"]
[White "Cubrakovic, Velibor"]
[Black "Radivojevic, Ivan"]
[Result "0-1"]
[WhiteElo "2227"]
[BlackElo "2343"]
[PlyCount "82"]
[EventDate "2007.09.09"]
[EventType "team"]
[EventRounds "11"]
[EventCountry "SRB"]
[SourceTitle "EXT 2012"]
[Source "ChessBase"]
[SourceDate "2011.11.24"]
[SourceVersion "1"]
[SourceVersionDate "2011.11.24"]
[SourceQuality "1"]
[WhiteTeam "Uzice Sloboda"]
[BlackTeam "Pozega"]
[WhiteTeamCountry "SRB"]
[BlackTeamCountry "SRB"]

1. e4 c6 2. d4 d5 3. Bd3 dxe4 4. Bxe4 Nf6 5. Bf3 Bf5 6. Ne2 e6 7. 0-0 Bd6 8. c4 0-0 9. Nbc3 Nbd7 10. Ng3 Bg6 11. Re1 Qc7 12. Qb3 a6 13. a4 b6 14. Be3 Rab8 15. Rac1 c5 16. d5 Ne5 17. Be2 exd5 18. Nxd5 Nxd5 19. cxd5 b5 20. axb5 axb5 21. Qc3 Nd7 22. Ra1 f5 23. Nf1 f4 24. Bc1 Ne5 25. Ra6 b4 26. Qb3 c4 27. Qa4 Bc5 28. Nd2 Bxf2+ 29. Kxf2 Qc5+ 30. Kf1 Nd3 31. Bxd3 Bxd3+ 32. Re2 Qxd5 33. Ke1 Bxe2 34. Kxe2 Qxg2+ 35. Kd1 Rfd8 36. Qc6 Qf1+ 37. Kc2 b3+ 38. Kb1 Rxd2 39. Ra8 Qd3+ 40. Ka1 Rxa8+ 41. Qxa8+ Qd8 0-1

[Event "SRB-chT2 West"]
[Site "Serbia"]
[Date "2006.10.26"]
[Round "7.2"]
[White "Rancic, Zoran"]
[Black "Cubrakovic, Velibor"]
[Result "1-0"]
[WhiteElo "2166"]
[BlackElo "2234"]
[PlyCount "61"]
[EventDate "2006.09.09"]
[EventType "team"]
[EventRounds "11"]
[EventCountry "SRB"]
[SourceTitle "EXT 2012"]
[Source "ChessBase"]
[SourceDate "2011.11.24"]
[SourceVersion "1"]
[SourceVersionDate "2011.11.24"]
[SourceQuality "1"]

1. d4 Nf6 2. Nf3 g6 3. g3 Bg7 4. Bg2 0-0 5. 0-0 d6 6. c4 c6 7. Nc3 Nbd7 8. Qc2 Nb6 9. b3 d5 10. cxd5 Nbxd5 11. Nxd5 cxd5 12. Ba3 Bf5 13. Qc5 Re8 14. Rac1 e5 15. Qc7 exd4 16. Nxd4 Be4 17. Qxb7 Bxg2 18. Kxg2 Ng4 19. Nc6 Qb6 20. Ne7+ Kh8 21. Qxd5 Qa6 22. Bc5 Qxe2 23. Rce1 Qxa2 24. Qxf7 Ne5 25. Rxe5 Bxe5 26. Re1 Rf8 27. Nxg6+ hxg6 28. Bxf8 Bd4 29. Be7 Qa6 30. Re4 Qc6 31. f3 1-0

[Event "SRB-chT2 West"]
[Site "Serbia"]
[Date "2006.09.23"]
[Round "3.4"]
[White "Agovic, Mirsad"]
[Black "Cubrakovic, Velibor"]
[Result "0-1"]
[WhiteElo "2003"]
[BlackElo "2234"]
[PlyCount "82"]
[EventDate "2006.09.09"]
[EventType "team"]
[EventRounds "11"]
[EventCountry "SRB"]
[SourceTitle "EXT 2012"]
[Source "ChessBase"]
[SourceDate "2011.11.24"]
[SourceVersion "1"]
[SourceVersionDate "2011.11.24"]
[SourceQuality "1"]

1. c4 e5 2. g3 d6 3. Bg2 Nc6 4. Nc3 Be6 5. b3 Qd7 6. a3 Nf6 7. e4 Be7 8. h3 0-0 9. Bb2 Ne8 10. g4 h5 11. f3 Bh4+ 12. Kf1 Ne7 13. d4 exd4 14. Qxd4 Ng6 15. Nge2 a6 16. Nd5 b5 17. Ne3 bxc4 18. bxc4 Rb8 19. Bc3 Bg5 20. gxh5 Nf4 21. Nxf4 Bxf4 22. Nd5 Be5 23. Qd2 Qa4 24. Bxe5 Qxc4+ 25. Kg1 dxe5 26. Bf1 Qc5+ 27. Qe3 Qd6 28. Rd1 Bxd5 29. Rxd5 Qe6 30. Qg5 Qb6+ 31. Kg2 f6 32. Qc1 Kh7 33. Be2 Nd6 34. Rhd1 Rf7 35. Rc5 Rg8 36. Rc6 Qb8 37. Bxa6 g6 38. h6 Re7 39. Rd2 Rf8 40. Rdc2 Rff7 41. Qb2 Qa7 0-1

[Event "SCG-chT1 Central"]
[Site "Vrnjacka Banja"]
[Date "2004.09.26"]
[Round "3.4"]
[White "Cubrakovic, Velibor"]
[Black "Tojagic, Dane"]
[Result "1/2-1/2"]
[WhiteElo "2224"]
[BlackElo "2308"]
[PlyCount "28"]
[EventDate "2004.09.25"]
[EventType "team"]
[EventRounds "11"]
[EventCountry "YUG"]
[SourceTitle "CBM 102 Extra"]
[Source "ChessBase"]
[SourceDate "2004.11.03"]
[SourceVersion "1"]
[SourceVersionDate "2004.11.03"]
[SourceQuality "1"]
[WhiteTeam "11"]
[BlackTeam "01"]
[WhiteTeamCountry "YUG"]
[BlackTeamCountry "YUG"]

1. e4 e5 2. Nf3 Nc6 3. Bb5 a6 4. Ba4 Nf6 5. d3 d6 6. h3 g6 7. Nc3 Bg7 8. Be3 0-0 9. Qd2 b5 10. Bb3 Na5 11. Bg5 Nxb3 12. axb3 c6 13. 0-0 Qc7 14. Nh2 Re8 1/2-1/2